书目信息 |
| 题名: |
两宋史论
|
|
| 作者: | 关履权 著 | |
| 分册: | ||
| 出版信息: | 郑州 中州书画社 1983 |
|
| 页数: | 256页页 | |
| 开本: | 21cm | |
| 丛书名: | 宋史研究丛书 | |
| 单 册: | ||
| 中图分类: | K244.07 | |
| 科图分类: | ||
| 主题词: | 中国--历史 | |
| 电子资源: | ||
| ISBN: | ||
| 000 | 00541nam0 2200205 45 | |
| 001 | 0312221749 | |
| 005 | 20060728164449.04 | |
| 010 | @dCNY0.94 | |
| 091 | @a11219.19 | |
| 100 | @a20031222d1983 km y0chiy0120 ea | |
| 101 | @achi | |
| 200 | 1 | @a两宋史论@ALiang Song Shi Lun@f关履权著@FGuan Lu Quan Zhu |
| 210 | @a郑州@c中州书画社@d1983 | |
| 215 | @a256页页@d21cm | |
| 225 | 2 | @a宋史研究丛书 |
| 606 | 0 | @a中国@x历史 |
| 690 | @aK244.07@v3 | |
| 701 | 0 | @a关履权@4著 |
| 801 | @aCN@bTSTCL@c20060728 | |
| 905 | @dK244.07@e5@f2@b92721-722@b111776@f1 | |
| 两宋史论/关履权著.-郑州:中州书画社,1983 |
| 256页页;21cm.-(宋史研究丛书) |
| ISBN :CNY0.94 |
| ● |
| 相关链接 |
|
|
|
|
正题名:两宋史论
索取号:K244.07/5
 
预约/预借
| 序号 | 登录号 | 条形码 | 馆藏地/架位号 | 状态 | 备注 |
| 1 | 0092721 | 001287271 | 第二借阅区/ [索取号:K244.07/5] | 在馆 | |
| 2 | 0092722 | 001287262 | 第二借阅区/ [索取号:K244.07/5] | 在馆 | |
| 3 | 0092723 | 001287146 | 第二样本阅览室/ [索取号:K244.07/5] | 在馆 | |
| 4 | 0111776 | 001287137 | 第二借阅区/ [索取号:K244.07/5] | 在馆 | |
| 5 | 0111777 | 001602144 | 密集书库/ [索取号:K244.07/5] | 在馆 | |
| 6 | 0111778 | 001602064 | 密集书库/ [索取号:K244.07/5] | 在馆 | |
| 7 | 0443780 | 204437804 | 密集书库/ [索取号:K244.07/5] | 在馆 |